| 000 | 01937nam0a2200325 4500 | ||
|---|---|---|---|
| 001 | RU\NLR\BIBL_A\022743667 | ||
| 005 | 20260524043521.0 | ||
| 010 |
_a978-5-9631-1263-2 _9120 |
||
| 021 |
_aRU _bКН-П-26-002175 _9КН-П-26-0197 |
||
| 035 | _a(NLR Aleph) 022743667 | ||
| 090 |
_a13709157 _c13709157 |
||
| 100 | _a20260304d2025 k y0rusy50 ca | ||
| 101 | 0 |
_arus _deng |
|
| 102 | _aRU | ||
| 105 | _aa z 000yy | ||
| 181 | 0 |
_ai3 _baxxe |
|
| 182 | 0 | _an | |
| 200 | 1 |
_aЭколого-экономическая устойчивость северного региона: водный фактор _eмонография _fВ. Ф. Фомина _gответственный редактор: доктор экономических наук Л. А. Попова _gМинистерство науки и высшего образования Российской Федерации, Федеральный исследовательский центр "Коми научный центр Уральского отделения Российской академии наук", Институт социально-экономических и энергетических проблем Севера |
|
| 203 |
_aТекст _bвизуальный _cнепосредственный |
||
| 210 |
_aСыктывкар _c[б. и.] _aИжевск _cПринт _d2025 |
||
| 215 |
_a283 с. _cил., цв. ил., табл. _d21 |
||
| 300 | _aРез. на англ. яз. | ||
| 320 | _aБиблиогр.: с. 263-283 и в подстроч. примеч. | ||
| 606 | 1 |
_aВодное хозяйство _xЭкономика _92328217 _3RU\NLR\AUTH\661392420 |
|
| 686 | 1 | _aУ45(0) | |
| 700 | 1 |
_7ca _8rus _aФомина _bВ. Ф. _cканд. техн. наук, водные ресурсы _gВалентина Федоровна _996698 _3RU\NLR\AUTH\77113773 |
|
| 942 | _cBOOK | ||
| 980 | _aNB | ||